Quiz o polskiej piłce{reprezentacyjna i ekstraklasa} - Statystyki

Ogólne statystyki
  • Ten quiz został rozwiązany 250 razy
  • Średni wynik to 9 z 15
Statystyki odpowiedzi
Zagadnienie Odpowiedź % Poprawnych
Jakiego zespołu zawodnikiem jest Michał Skóraś Lech
93%
Kto strzelił decydującego karnego na euro 2016 dającą awans do ćwierćfinału Grzegorz Krychowiak
80%
Kto ma najwiecej meczów w historii rep Polski Lewandowski
80%
Który z wymienionych piłkarzy został królem strzelców MŚ 1974 Grzegorz Lato
77%
Jakiego klubu prezesem był Cezary Kulesza Jagielonia
73%
Ile punktów zdobyła reprezentacja Polski na swoim pierwszym euro w 2008 1
63%
Na którym mundialu Ernest Wilmowski strzelił 4 bramki w meczu z Brazylią przegranym 6-5 1938
60%
Polska zajela w grupie eliminacyjnej do euro 2016 miejsce 2
60%
Czesław Michniewicz grał na pozycji br
53%
Który z tych piłkrzy nie pojechał na MŚ w katarze Mateusz Klich
53%
Kto prowadził reprezentacje Polski na MŚ 2002 Jerzy Engel
50%
Który z zespołów ekstraklasy nie znajduje sie w top 3 sezon 22|23 Wisła Płock
50%
Trener Paweł Jnas prowadził kadre na MŚ 2006
47%
Który z tych klubów nigdy nie wygrał ekstraklasy Raków Częsochowa
47%
Które miejsce zajęła Polska w eliminacjach do MŚ 2014 4
40%
Nie znaleziono quizów pasujących do podanych kryteriów
Rozkład punktacji
Procent ludzi z każdym wynikiem
Percentyl według liczby udzielonych odpowiedzi
Twoja historia wyników
Nie rozwiązałeś tego quizu